| 000 | 00952cam a22001934a 4500 | ||
|---|---|---|---|
| 005 | 20250605164143.0 | ||
| 008 | 250528s ||||||||||||||||||||||||d | ||
| 035 | _a19035 | ||
| 020 | _a960730604 | ||
| 040 |
_aGR-AtMCL _bgre _dGR-AtMCL _eAACR2 |
||
| 245 | 1 | _aΜαθήματα Καθαράς Θεωρίας του Διεθνούς Εμπορίου | |
| 260 |
_bΣταμούλης Α, _c1992 |
||
| 300 | _a160 | ||
| 520 | _aΕισαγωγικά, Το Υπόδειγμα Heckscher - Ohlin - Samuelson, Διαφορές στην Τεχνολογία, Η Οικονομική Πολιτική στο Πλαίσιο του Υποδείγματος Heckscher - Ohlin - Samuelson, Αύξουσες Αποδόσεις Κλιμακος και Ατελής Ανταγωνισμός, Βιβλιογραφικές Παραπομπές. | ||
| 700 | 1 |
_aΓιαννακόπουλος Νικόλαος Αθ _95309 |
|
| 942 | _cBK | ||
| 999 |
_c4320 _d4320 |
||